Porous media : fluid transport and pore structure /

Guardado en:
Autor Principal: Dullien, F. A. L.
Formato: Libro
Idioma:English
Publicado: New York : Academic Press, 1979.
Materias:
Etiquetas: Agregar Etiqueta
Sin Etiquetas, Sea el primero en etiquetar este registro!
LEADER 00709cam a22002055a 4500
001 EIQ.libpla000420
008 790906s1979####nyua#####b####001#0#eng#d
005 20060516152454.0
245 1 0 |a Porous media :  |b fluid transport and pore structure /  |c F. A. L. Dullien. 
260 |a New York :  |b Academic Press,  |c 1979. 
300 |a xx, 396 p. :  |b il. ;  |c 24 cm. 
504 |a Incluye referencias bibliográficas e índice. 
020 |a 0122236505 
100 1 |a Dullien, F. A. L. 
082 0 0 |a 532/.053  |2 19 
650 4 |a Teoría de transporte  |x Materiales porosos. 
650 4 |a Transport theory  |x Porous materials. 
010 |a  79052794  
040 |a DLC  |c DLC  |d AR-BbSID 
859 |a AR-BbSID  |b BIB. PLAPIQUI  |h 532.053  |i D 858  |p 302